Score 0/16 Timer 02:00
1 Play Today
Clue Answer % Correct
Simba or Aslan►LION◄
96.3%
Stopper in a champagne bottleCORK
95.7%
Sound from a happy catPURR
92.6%
Advertised as ''the other white meat''PORK
92.5%
Any person found on Food Network, generally speakingCOOK
91.5%
Physical appearance of a personLOOK
90.1%
Where to find a genieLAMP
88.6%
Give a baby a pat on the backBURP
86.6%
Clue Answer % Correct
Bird on reverse of Canadian one-dollar coinLOON
84.7%
Opening for a dermatologistPORE
84.2%
Free of imperfectionsPURE
83.5%
Meat found in gyros or souvlaki►LAMB◄
82.5%
Serving of sugar for a cup of teaLUMP
81.2%
Celebratory move done with fists or chestsBUMP
80.9%
Seed that inspired the invention of VelcroBURR
77.8%
What the marked 4-letter words and the name read in right column have in commonMARCH
18.7%

Today's Daily Dose

Remove Ads.
Support Sporcle.
Get the best of Sporcle when you Go Orange. This ad-free experience offers more features, more stats, and more fun while also helping to support Sporcle. Thank you for becoming a member.

You're not logged in!

Compare scores with friends on all Sporcle quizzes.
OR
Log In

Show Comments

Extras

Top Quizzes Today


Score Distribution

Your Account Isn't Verified!

In order to create a playlist on Sporcle, you need to verify the email address you used during registration. Go to your Sporcle Settings to finish the process.

Report this User

Report this user for behavior that violates our Community Guidelines.

Details: